000 00386cam a2200157ua 4500
041 _aeng
_h
082 _a928.21
_bREI/FR
100 _aReid, J C .
245 _aFrancis Thompson : Man and Poet /
_cJ C Reid.
_hTextual Documents
260 _aLondon :
_bRoutledge & Kegan Ltd ,
_c1959.
300 _a232 ; .
504 _a
650 _aBiography
942 _cBK
999 _c421
_d421